[Event "Kingston Chan Memorial op"]
[Site "Kingston"]
[Date "2017.09.24"]
[Round "5"]
[White "Porter, Rochelle"]
[Black "Blackwood, Ashanti"]
[Result "1/2-1/2"]
[WhiteElo "1436"]
[BlackElo "1524"]
[PlyCount "114"]
[EventDate "2017.09.21"]
[EventType "swiss"]
[EventRounds "6"]
[EventCountry "JAM"]
[SourceTitle "EXT 2020"]
[Source "ChessBase"]
[SourceDate "2019.10.17"]
[SourceVersion "1"]
[SourceVersionDate "2019.10.17"]
[SourceQuality "1"]

1. d4 d5 2. e3 Nf6 3. Nf3 e6 4. Bd3 b6 5. Nbd2 Ba6 6. Bxa6 Nxa6 7. c3 Nb8 8. Qc2 Nbd7 9. 0-0 c5 10. e4 dxe4 11. Nxe4 Be7 12. Bf4 Nxe4 13. Qxe4 0-0 14. Rad1 Nf6 15. Qc2 Qd5 16. a3 Qe4 17. Qxe4 Nxe4 18. Rfe1 Nf6 19. h3 cxd4 20. Nxd4 Nd5 21. Bh2 Bf6 22. Nc2 Rfd8 23. Nd4 Ne7 24. Nf3 Nc6 25. Bg3 Rxd1 26. Rxd1 Rd8 27. Rxd8+ Bxd8 28. Kf1 Na5 29. Ne5 Bc7 30. Nd3 Bxg3 31. fxg3 Nc4 32. a4 Kf8 33. Ke2 f6 34. b3 Nd6 35. Ke3 Nf5+ 36. Kf3 Ke7 37. Nb4 Kd7 38. Nd3 e5 39. Nf2 Kc6 40. Nd3 a5 41. Nf2 Kd5 42. g4 Nd6 43. g3 g6 44. Ke3 e4 45. Nd1 h6 46. Nf2 Ke5 47. Nd1 f5 48. Nf2 g5 49. Ke2 f4 50. Nh1 f3+ 51. Ke3 Kd5 52. Nf2 Ke5 53. Nh1 b5 54. axb5 Nxb5 55. Kd2 Na3 56. Nf2 Nb1+ 57. Ke3 Nxc3 1/2-1/2